| 000 | 00832nam a2200253 i 4500 | ||
|---|---|---|---|
| 001 | 77611 | ||
| 003 | ES-MaACL | ||
| 005 | 20250807063209.0 | ||
| 007 | t| | ||
| 008 | 041026s1988 sp ||||1| spa d | ||
| 020 | _a84-7782-030-9 | ||
| 080 | _a914/916-015(084) | ||
| 100 | 1 |
_aBarral, Carlos, _d1928-1989 _9180413 |
|
| 245 | 1 | 3 |
_aEl Mediterráneo / _c[Carlos Barral, LLuís Permanyer, Manel Pérez Puigjané]. |
| 260 |
_aBarcelona : _bLunweg, _c[1988] |
||
| 300 |
_a36 p., [124] p. de lám. ; _c30 x 34 cm. |
||
| 500 | _aAutores tomados de p.1 de la caja. | ||
| 500 | _aGuardado en caja. | ||
| 651 | 4 |
_aMediterráneo (Región)- _vObras ilustradas. _99049 |
|
| 700 | 1 |
_aPermanyer, Lluís. _991295 |
|
| 700 | 1 |
_aPérez Puigjané, Manel. _991100 |
|
| 852 |
_aES-MaACL _jL-28370 _bR.134387 |
||
| 999 |
_c77611 _d77611 |
||